Wall street mercados, mecanismos y participantes (Registro nro. 57776)

Detalles MARC
000 -ENCABEZADO
Número de control [NR] 00945nam a2200277Ia 4500
008 - DE LONGITUD FIJA DE DATOS DE ELEMENTOS - INFORMACIÓN GENERAL
Elementos de longitud fija [NR] 130821s2008 ag a gr spa
020 ## - NUMERO INTERNACIONAL NORMALIZADO PARA LIBROS [R]
Número Internacional Normalizado del libro [NR] 9789871456178
020 ## - NUMERO INTERNACIONAL NORMALIZADO PARA LIBROS [R]
Número Internacional Normalizado del libro [NR] 9789871456260
Términos de disponibilidad [NR] obra completa
040 ## - FUENTE DE CATALOGACION [NR]
Agencia de catalogación original [NR] Co-BoUCM
Idioma de catalogación [NR] spa
041 00 - CODIGO DE IDIOMA [R]
Código de idioma para texto/pista de sonido o título separado [R] Español
100 1# - ASIENTO PRINCIPAL--NOMBRE PERSONAL [NR]
Nombre personal [NR] Roberts, Richard
245 10 - MENCION DE TITULO [NR]
Título [NR] Wall street mercados, mecanismos y participantes
Mención de responsabilidad, etc. [NR] Richard Roberts
260 ## - PUBLICACION, DISTRIBUCION, ETC. (PIE DE IMPRENTA) [R]
Lugar de publicación, distribución, etc. [R] Buenos Aires (Argentina)
Nombre del editor, distribuidor, etc. [R] Cuatro Media
Fecha de publicación, distribución, etc. [R] 2008
300 ## - DESCRIPCION FISICA [R]
Extensión [R] 252 páginas
Otros detalles físicos [NR] ilustraciones
490 #0 - MENCION DE SERIE [R]
Mención de serie [R] Colección Finanzas y Negocios
500 ## - NOTA GENERAL [R]
Nota general [NR] Ejemplar 2 Donación Dr. Guillermo Galán.
504 ## - NOTA DE BIBLIOGRAFIA, ETC. [R]
Nota de bibliografía, etc. [NR]
610 #7 - ASIENTO SECUNDARIO DE MATERIA - NOMBRE CORPORATIVO [R]
Nombre corporativo o nombre de la jurisdicción como elemento de entrada [NR] Wall Street
9 (RLIN) 4760
650 04 - ASIENTO SECUNDARIO DE MATERIA - TERMINO TEMATICO [R]
Término temático o nombre geográfico como elemento de entrada [NR] Bolsa de valores
Subdivisión geográfica [R] Nueva York (Estados Unidos)
9 (RLIN) 10183
650 04 - ASIENTO SECUNDARIO DE MATERIA - TERMINO TEMATICO [R]
Término temático o nombre geográfico como elemento de entrada [NR] Economía
9 (RLIN) 174
650 04 - ASIENTO SECUNDARIO DE MATERIA - TERMINO TEMATICO [R]
Término temático o nombre geográfico como elemento de entrada [NR] Especulaciones mercantiles
9 (RLIN) 14921
710 2# - ASIENTO SECUNDARIO - NOMBRE CORPORATIVO [R]
Nombre corporativo o de jurisdicción como elemento de entrada [NR] The Economist
765 ## - ASIENTO DE IDIOMA ORIGINAL [R]
Título [NR] Wall Street
942 ## - ELEMENTOS DE ENTRADA AGREGADOS (KOHA)
Tipo de ítem principal el descrito en 300a Libro
Tema principal Economía
Edición 1
Parte restante de la signatura top. R643w
Sistema de clasificación DEWEY
Clasificación 332.64273
Existencias
Fecha de último préstamo Total préstamos Signatura topográfica Código de barras Última vez visto Ejemplar Price effective from Tipo de ítem Nota pública (OPAC) Perdido Sistema de clasificación Dañado No prestable Tipo de ítem específico Suprimido Ubicación habitual Ubicación actual Localización Fecha de creación Forma de adquisición Costo Total Renewals
14/08/2019 18 332.64273 R643w 100094000 04/12/2025 Ej.1 03/02/2013 Libro Spot Finanzas   DEWEY     Libro   Claustro Claustro Mezanine 28/02/2013 Compra 12786.00  
07/05/2019 10 332.64273 R643w 100104405 04/12/2025 Ej.2 03/02/2013 Libro Spot Finanzas   DEWEY     Libro   Claustro Claustro Mezanine 30/09/2010 Donación 26000.00 5